Измерение теплофизических параметров лесных горючих материалов вблизи объектов нефтегазовой промышленности; Проблемы геологии и освоения недр; Т. 2

Detalles Bibliográficos
Parent link:Проблемы геологии и освоения недр: труды XXII Международного симпозиума имени академика М. А. Усова студентов и молодых ученых, посвященного 155-летию со дня рождения академика В.А. Обручева, 135-летию со дня рождения академика М.А. Усова, основателей Сибирской горно-геологической школы, и 110-летию первого выпуска горных инженеров в Сибири, Томск, 2-7 апреля 2018 г./ Национальный исследовательский Томский политехнический университет, Инженерная школа природных ресурсов ; под ред. А. С. Боева.— , 2018
Т. 2.— 2018.— [С. 274-276]
Autor Principal: Кралинова С. С. Светлана Сергеевна
Autor Corporativo: Национальный исследовательский Томский политехнический университет Исследовательская школа физики высокоэнергетических процессов
Outros autores: Жданова А. О. Алена Олеговна (научный руководитель)
Summary:Заглавие с экрана
Idioma:ruso
Publicado: 2018
Series:Энергосбережение, автоматизация объектов нефтегазовой промышленности
Subjects:
Acceso en liña:http://earchive.tpu.ru/handle/11683/51392
Formato: Electrónico Capítulo de libro
KOHA link:https://koha.lib.tpu.ru/cgi-bin/koha/opac-detail.pl?biblionumber=627977

MARC

LEADER 00000naa2a2200000 4500
001 627977
005 20231101133504.0
035 |a (RuTPU)RU\TPU\conf\28048 
035 |a RU\TPU\conf\28043 
090 |a 627977 
100 |a 20181009d2018 k y0rusy50 ca 
101 0 |a rus 
102 |a RU 
105 |a y z 100zy 
135 |a drcn ---uucaa 
181 0 |a i  
182 0 |a b 
200 1 |a Измерение теплофизических параметров лесных горючих материалов вблизи объектов нефтегазовой промышленности  |f С. С. Кралинова  |g науч. рук. А. О. Жданова 
203 |a Текст  |c электронный 
225 1 |a Энергосбережение, автоматизация объектов нефтегазовой промышленности 
230 |a 1 компьютерный файл (pdf; 920 Kb) 
300 |a Заглавие с экрана 
320 |a [Библиогр.: с. 276 (5 назв.)] 
461 1 |0 (RuTPU)RU\TPU\conf\27247  |t Проблемы геологии и освоения недр  |o труды XXII Международного симпозиума имени академика М. А. Усова студентов и молодых ученых, посвященного 155-летию со дня рождения академика В.А. Обручева, 135-летию со дня рождения академика М.А. Усова, основателей Сибирской горно-геологической школы, и 110-летию первого выпуска горных инженеров в Сибири, Томск, 2-7 апреля 2018 г.  |o в 2 т.  |f Национальный исследовательский Томский политехнический университет, Инженерная школа природных ресурсов ; под ред. А. С. Боева  |d 2018 
463 1 |0 (RuTPU)RU\TPU\conf\27249  |t Т. 2  |v [С. 274-276]  |d 2018 
610 1 |a труды учёных ТПУ 
610 1 |a электронный ресурс 
610 1 |a измерения 
610 1 |a теплофизические параметры 
610 1 |a лесные материалы 
610 1 |a горючие материалы 
610 1 |a нефтегазовая промышленность 
610 1 |a пожароопасность 
610 1 |a взрывоопасность 
700 1 |a Кралинова  |b С. С.  |c специалист в области теплоэнергетики и теплотехники  |c инженер-исследователь Томского политехнического университета  |f 1996-  |g Светлана Сергеевна  |2 stltpush  |3 (RuTPU)RU\TPU\pers\46854 
702 1 |a Жданова  |b А. О.  |c специалист в области теплоэнергетики  |c инженер Томского политехнического университета  |f 1989-  |g Алена Олеговна  |2 stltpush  |4 727 
712 0 2 |a Национальный исследовательский Томский политехнический университет  |b Исследовательская школа физики высокоэнергетических процессов  |c (2017- )  |h 8118  |2 stltpush  |3 (RuTPU)RU\TPU\col\23551 
801 2 |a RU  |b 63413507  |c 20210519  |g RCR 
856 4 |u http://earchive.tpu.ru/handle/11683/51392 
942 |c BK